[Event "Liga Madrileña 2010/2011 - D. Honor"]
[Site "Madrid ESP"]
[Date "2011.01.23"]
[Round "7.34"]
[White "Solaesa Navalpotro, Luis Julio"]
[Black "Taboas Rodriguez, Daniel"]
[Result "0-1"]
[WhiteElo "2251"]
[BlackElo "2366"]
[PlyCount "78"]
[EventDate "2010.11.21"]
[EventType "team"]
[EventRounds "14"]
[EventCountry "ESP"]
[Source "lmi"]
[SourceDate "2010.11.21"]
[WhiteTeam "Moratalaz"]
[BlackTeam "Leganes"]
[WhiteTeamCountry "ESP"]
[BlackTeamCountry "ESP"]

1. d4 Nf6 2. Nf3 g6 3. c4 Bg7 4. Nc3 O-O 5. g3 b6 6. Bg2 Bb7 7. d5 Ne8 8. Qc2
Nd6 9. Nd2 e5 10. e4 f5 11. O-O f4 12. b4 c5 13. bxc5 bxc5 14. Qa4 Nc8 15. Rb1
Nb6 16. Qb5 d6 17. a4 Ba6 18. Qb3 N8d7 19. a5 Nc8 20. Qa4 Ne7 21. Bh3 Nf6 22.
Kg2 Bh6 23. f3 Kh8 24. Be6 fxg3 25. hxg3 Nh5 26. Nb5 Bc8 27. Rh1 Bxe6 28. dxe6
Nc6 29. a6 Be3 30. Nf1 Bxc1 31. Rxc1 Qg5 32. Qd1 Nd4 33. Nxd4 exd4 34. Qd2 Qf6
35. Qd3 Rab8 36. Nh2 Qe5 37. Nf1 Qxe6 38. Nd2 Qe5 39. f4 Qxf4 0-1

[Event "Liga Madrileña 2010/2011 - D. Honor"]
[Site "Madrid ESP"]
[Date "2011.01.23"]
[Round "7.35"]
[White "Prieto Martin, Alfonso"]
[Black "Sanchez Rojo, Gustavo"]
[Result "0-1"]
[WhiteElo "2173"]
[BlackElo "2201"]
[PlyCount "92"]
[EventDate "2010.11.21"]
[EventType "team"]
[EventRounds "14"]
[EventCountry "ESP"]
[Source "lmi"]
[SourceDate "2010.11.21"]
[WhiteTeam "Leganes"]
[BlackTeam "Moratalaz"]
[WhiteTeamCountry "ESP"]
[BlackTeamCountry "ESP"]

1. c4 Nf6 2. Nc3 g6 3. d4 Bg7 4. e4 d6 5. f3 O-O 6. Be3 c5 7. Nge2 Nc6 8. Qd2
cxd4 9. Nxd4 a6 10. O-O-O Qc7 11. g4 Be6 12. Kb1 Nxd4 13. Bxd4 Bxc4 14. g5 Nh5
15. Bxg7 Nxg7 16. Bxc4 Qxc4 17. Nd5 Rae8 18. Rc1 Qa4 19. Rc7 Ne6 20. Rxb7 Qd4
21. Qxd4 Nxd4 22. Nxe7+ Kg7 23. f4 Rb8 24. Rxb8 Rxb8 25. Rc1 Ne2 26. Rc6 Nxf4
27. Rxa6 Nd3 28. b3 Nc5 29. Rxd6 Nxe4 30. Rd3 Nxg5 31. a4 Ne4 32. Ka2 f5 33. a5
Rb5 34. Nc6 Rc5 35. Rd7+ Kf6 36. Rc7 Nc3+ 37. Kb2 Nd5 38. Rc8 Nb4 39. Rf8+ Kg7
40. Rc8 Rxc6 41. Rb8 Nd3+ 42. Ka3 Rc1 43. b4 Nxb4 44. Rxb4 Ra1+ 45. Kb3 Rxa5
46. Kc3 Rd5 0-1

[Event "Liga Madrileña 2010/2011 - D. Honor"]
[Site "Madrid ESP"]
[Date "2011.01.23"]
[Round "7.36"]
[White "Fraga Castro, Jose Carlos"]
[Black "Davicce Cañada, Juan Antonio"]
[Result "1/2-1/2"]
[WhiteElo "2212"]
[BlackElo "2097"]
[PlyCount "54"]
[EventDate "2010.11.21"]
[EventType "team"]
[EventRounds "14"]
[EventCountry "ESP"]
[Source "lmi"]
[SourceDate "2010.11.21"]
[WhiteTeam "Moratalaz"]
[BlackTeam "Leganes"]
[WhiteTeamCountry "ESP"]
[BlackTeamCountry "ESP"]

1. c4 Nf6 2. Nc3 c5 3. g3 e6 4. Nf3 d5 5. cxd5 exd5 6. d4 Nc6 7. Bg2 Be7 8. O-O
O-O 9. b3 Bg4 10. dxc5 Bxc5 11. Bb2 Rc8 12. Na4 Be7 13. h3 Be6 14. Rc1 b6 15.
Nd4 Nxd4 16. Qxd4 Qd7 17. Kh2 Rxc1 18. Rxc1 Rc8 19. Nc3 Bc5 20. Qf4 Bd6 21. Qd2
Rd8 22. Kg1 Bb4 23. Qf4 Bd6 24. Qd2 Bb4 25. Qf4 Bd6 26. Qd2 Bb4 27. Qf4 Bd6
1/2-1/2

[Event "Liga Madrileña 2010/2011 - D. Honor"]
[Site "Madrid ESP"]
[Date "2011.01.23"]
[Round "7.41"]
[White "Gallego Jimenez, Victoriano"]
[Black "Adan Bermudez, Sergio"]
[Result "1/2-1/2"]
[WhiteElo "2398"]
[BlackElo "2264"]
[PlyCount "94"]
[EventDate "2010.11.21"]
[EventType "team"]
[EventRounds "14"]
[EventCountry "ESP"]
[Source "lmi"]
[SourceDate "2010.11.21"]
[WhiteTeam "La Casa del Ajedrez"]
[BlackTeam "Pueblo Nuevo"]
[WhiteTeamCountry "ESP"]
[BlackTeamCountry "ESP"]

1. d4 Nf6 2. c4 d6 3. Nc3 e5 4. Nf3 e4 5. Ng5 Qe7 6. Qc2 Nc6 7. e3 Bf5 8. d5
Nb8 9. g4 Bg6 10. Bg2 Nbd7 11. Ngxe4 Nxg4 12. Qe2 f5 13. Ng3 h5 14. e4 h4 15.
Nxf5 Bxf5 16. exf5 Qxe2+ 17. Kxe2 O-O-O 18. Be4 Re8 19. f3 Ngf6 20. Bd2 Nc5 21.
Rae1 Rh5 22. b4 Ncxe4 23. fxe4 Nxe4 24. Kd3 Nf2+ 25. Kc2 Rxe1 26. Rxe1 Rxf5 27.
Rf1 g6 28. Be1 Ng4 29. Rxf5 Ne3+ 30. Kd3 Nxf5 31. Ke4 Bg7 32. Ne2 Bf6 33. Nf4
Ne7 34. Nxg6 Nxg6 35. Kf5 Ne5 36. Kxf6 Nf3 37. Bf2 Nxh2 38. Bxh4 Ng4+ 39. Ke6
b6 40. Bg5 Nf2 41. Be3 Nd3 42. a3 a5 43. bxa5 bxa5 44. Bd4 a4 45. Kf5 Nc1 46.
Ke4 Nb3 47. Be3 Kb7 1/2-1/2

[Event "Liga Madrileña 2010/2011 - D. Honor"]
[Site "Madrid ESP"]
[Date "2011.01.23"]
[Round "7.42"]
[White "Barez Menendez, Hector"]
[Black "Rojo Huerta, Gabriel"]
[Result "1/2-1/2"]
[WhiteElo "2168"]
[BlackElo "2375"]
[PlyCount "99"]
[EventDate "2010.11.21"]
[EventType "team"]
[EventRounds "14"]
[EventCountry "ESP"]
[Source "lmi"]
[SourceDate "2010.11.21"]
[WhiteTeam "Pueblo Nuevo"]
[BlackTeam "La Casa del Ajedrez"]
[WhiteTeamCountry "ESP"]
[BlackTeamCountry "ESP"]

1. d4 Nf6 2. Nf3 e6 3. e3 c5 4. Bd3 b6 5. O-O Bb7 6. b3 Nc6 7. Bb2 cxd4 8. exd4
Nb4 9. Be2 Rc8 10. c4 d5 11. Nbd2 Be7 12. Ne5 O-O 13. a3 Nc6 14. Nxc6 Bxc6 15.
Nf3 dxc4 16. bxc4 Bxf3 17. gxf3 Nh5 18. Kh1 Nf4 19. Rg1 Nh3 20. Rg2 Bh4 21. Qf1
Nf4 22. Rg4 Nxe2 23. Qxe2 Bf6 24. d5 Re8 25. Re1 e5 26. Re4 b5 27. f4 bxc4 28.
fxe5 c3 29. Bc1 Bg5 30. d6 Bxc1 31. Rxc1 Qd7 32. Qd3 Rc5 33. Rxc3 Rcxe5 34. Rc7
Qe6 35. Rxe5 Qxe5 36. Rxa7 Rd8 37. Re7 Qf6 38. Qe3 g6 39. d7 Rxd7 40. Rxd7 Qc6+
41. f3 Qxd7 42. Kg2 h5 43. Kg3 Qd6+ 44. Kg2 Qc6 45. Kg3 Qc4 46. Qe8+ Kg7 47.
Qe5+ Kg8 48. Qe8+ Kg7 49. Qe5+ Kg8 50. Qe8+ 1/2-1/2

[Event "Liga Madrileña 2010/2011 - D. Honor"]
[Site "Madrid ESP"]
[Date "2011.01.23"]
[Round "7.43"]
[White "Elguezabal Varela, Daniel"]
[Black "Baigorri Navarro, Francisco Javier"]
[Result "1-0"]
[WhiteElo "2357"]
[BlackElo "2149"]
[PlyCount "79"]
[EventDate "2010.11.21"]
[EventType "team"]
[EventRounds "14"]
[EventCountry "ESP"]
[Source "lmi"]
[SourceDate "2010.11.21"]
[WhiteTeam "La Casa del Ajedrez"]
[BlackTeam "Pueblo Nuevo"]
[WhiteTeamCountry "ESP"]
[BlackTeamCountry "ESP"]

1. d4 Nf6 2. Nf3 e6 3. e3 d5 4. Bd3 c5 5. b3 Nc6 6. a3 Bd6 7. Bb2 O-O 8. Nbd2
cxd4 9. exd4 Qe7 10. O-O Bd7 11. Re1 Rfd8 12. c4 Be8 13. c5 Bf4 14. b4 a6 15.
Qc2 g6 16. Bc3 Nh5 17. Nf1 Ng7 18. a4 Qf6 19. b5 axb5 20. axb5 Ne7 21. Qe2 Nef5
22. g3 Rxa1 23. Rxa1 Bb8 24. Ne3 Nxe3 25. Qxe3 Qe7 26. Re1 Nh5 27. Bd2 Nf6 28.
Qg5 Rd7 29. Bf4 Bxf4 30. Qxf4 Rd8 31. Ra1 Kg7 32. Ra7 Ne4 33. c6 Nd6 34. cxb7
Rb8 35. Ra6 e5 36. dxe5 Nxb5 37. Qf6+ Qxf6 38. exf6+ Kf8 39. Bxb5 Bxb5 40. Ra8
1-0

[Event "Liga Madrileña 2010/2011 - D. Honor"]
[Site "Madrid ESP"]
[Date "2011.01.23"]
[Round "7.44"]
[White "Nieto de la Cruz, Julio"]
[Black "Gemy Vargas, Jose Daniel"]
[Result "1-0"]
[WhiteElo "2135"]
[BlackElo "2316"]
[PlyCount "77"]
[EventDate "2010.11.21"]
[EventType "team"]
[EventRounds "14"]
[EventCountry "ESP"]
[Source "lmi"]
[SourceDate "2010.11.21"]
[WhiteTeam "Pueblo Nuevo"]
[BlackTeam "La Casa del Ajedrez"]
[WhiteTeamCountry "ESP"]
[BlackTeamCountry "ESP"]

1. d4 d5 2. c4 e6 3. Nc3 Nf6 4. cxd5 exd5 5. Bg5 c6 6. e3 Be7 7. Bd3 O-O 8. Qc2
Nbd7 9. Nge2 Re8 10. f3 a6 11. O-O h6 12. Bh4 c5 13. Kh1 b5 14. Bf5 Bb7 15. a3
Qb6 16. Rae1 Rad8 17. Bf2 cxd4 18. exd4 Bd6 19. g4 Nf8 20. Kg2 g6 21. Bd3 Kg7
22. Qd2 Ne6 23. Be3 Rh8 24. Ng3 Qc7 25. Nce2 Rde8 26. Rg1 Bc8 27. Kh1 h5 28.
Rc1 Qd8 29. Nf5+ Kg8 30. Rxc8 hxg4 31. Neg3 Qxc8 32. Nxd6 Qb8 33. Nxe8 Qxe8 34.
Bg5 Nxg5 35. Qxg5 gxf3 36. Qxf6 Qe3 37. Nf5 Rxh2+ 38. Kxh2 Qf4+ 39. Kh3 1-0

[Event "Liga Madrileña 2010/2011 - D. Honor"]
[Site "Madrid ESP"]
[Date "2011.01.23"]
[Round "7.45"]
[White "Suarez Uriel, Adrian"]
[Black "Fernandez Lledo, Javier"]
[Result "1/2-1/2"]
[WhiteElo "2215"]
[BlackElo "2138"]
[PlyCount "97"]
[EventDate "2010.11.21"]
[EventType "team"]
[EventRounds "14"]
[EventCountry "ESP"]
[Source "lmi"]
[SourceDate "2010.11.21"]
[WhiteTeam "La Casa del Ajedrez"]
[BlackTeam "Pueblo Nuevo"]
[WhiteTeamCountry "ESP"]
[BlackTeamCountry "ESP"]

1. e4 c5 2. Ne2 d6 3. Nbc3 Nf6 4. d4 cxd4 5. Nxd4 Nc6 6. Bc4 Na5 7. Be2 g6 8.
Bg5 Bg7 9. O-O O-O 10. Kh1 Bd7 11. f4 Rc8 12. e5 Ne8 13. Nd5 f6 14. exf6 Nxf6
15. Bf3 e6 16. Nxf6+ Bxf6 17. Qe1 Re8 18. Bxf6 Qxf6 19. Qxa5 Qxd4 20. c3 Qc5
21. Qxc5 Rxc5 22. Rad1 d5 23. Rfe1 Kf7 24. Re5 b5 25. g4 Kf6 26. Rde1 Rc4 27.
f5 gxf5 28. gxf5 Rf4 29. fxe6 Rxe6 30. Rxe6+ Bxe6 31. Kg2 Ra4 32. a3 d4 33. Bd1
Ra6 34. cxd4 Rd6 35. Rf1+ Kg5 36. Be2 Rxd4 37. Bxb5 Bd5+ 38. Kg3 Rg4+ 39. Kf2
Rg2+ 40. Ke3 Rxh2 41. Bd3 Be6 42. Rg1+ Bg4 43. b4 h5 44. a4 Rb2 45. Rb1 Ra2 46.
a5 Ra3 47. Rg1 Ra4 48. Rb1 Ra3 49. Rg1 1/2-1/2

[Event "Liga Madrileña 2010/2011 - D. Honor"]
[Site "Madrid ESP"]
[Date "2011.01.23"]
[Round "7.46"]
[White "Rodrigo Yanguas, Maria"]
[Black "Collado Barbas, Laura"]
[Result "0-1"]
[WhiteElo "2070"]
[BlackElo "2040"]
[PlyCount "76"]
[EventDate "2010.11.21"]
[EventType "team"]
[EventRounds "14"]
[EventCountry "ESP"]
[Source "lmi"]
[SourceDate "2010.11.21"]
[WhiteTeam "Pueblo Nuevo"]
[BlackTeam "La Casa del Ajedrez"]
[WhiteTeamCountry "ESP"]
[BlackTeamCountry "ESP"]

1. e4 c6 2. Nf3 d5 3. exd5 cxd5 4. Ne5 a6 5. d4 Nf6 6. Bd3 Nc6 7. c3 g6 8. O-O
Bg7 9. f4 O-O 10. Nd2 Qc7 11. Ndf3 Ne4 12. Bxe4 dxe4 13. Ng5 Nxe5 14. fxe5 b5
15. Qe1 f6 16. exf6 exf6 17. Nxe4 Bb7 18. Qg3 Qe7 19. Nc5 Bd5 20. Bf4 Qf7 21.
b3 Rfe8 22. Rae1 a5 23. Qd3 Bc6 24. c4 bxc4 25. bxc4 Bf8 26. Ne4 Bxe4 27. Rxe4
Red8 28. d5 f5 29. Re6 Qxe6 30. Bc7 Rd7 31. Qc3 Bc5+ 32. Kh1 Qf7 33. Bxa5 Rda7
34. Bb4 Bxb4 35. Qxb4 Rxa2 36. Qc3 Qg7 37. Qd3 Qb2 38. Rg1 Ra1 0-1

[Event "Liga Madrileña 2010/2011 - D. Honor"]
[Site "Madrid ESP"]
[Date "2011.01.30"]
[Round "8.12"]
[White "Garcia Callejo, Jesus"]
[Black "Vallejo Diaz, Javier"]
[Result "0-1"]
[WhiteElo "2242"]
[BlackElo "2350"]
[PlyCount "106"]
[EventDate "2010.11.21"]
[EventType "team"]
[EventRounds "14"]
[EventCountry "ESP"]
[Source "lmi"]
[SourceDate "2010.11.21"]
[WhiteTeam "Vallecas CDV"]
[BlackTeam "Amigos del Retiro"]
[WhiteTeamCountry "ESP"]
[BlackTeamCountry "ESP"]

1. e4 d5 2. exd5 Qxd5 3. Nc3 Qa5 4. d4 c6 5. Bc4 Nf6 6. Bd2 Qc7 7. Nf3 Bg4 8.
h3 Bxf3 9. Qxf3 e6 10. O-O Be7 11. Rad1 Nbd7 12. Rfe1 O-O 13. Ne4 Nxe4 14. Rxe4
Nf6 15. Ree1 Rad8 16. Bg5 Qa5 17. Bxf6 Bxf6 18. c3 b5 19. Bb3 Qb6 20. Re2 Rd7
21. Red2 Rfd8 22. Rd3 Rd6 23. Qe4 g6 24. Rf3 Bg7 25. Qf4 R8d7 26. Re1 a5 27. g3
a4 28. Bc2 c5 29. dxc5 Qxc5 30. Re2 e5 31. Qe3 Qd5 32. b3 a3 33. Kg2 f5 34. c4
Qb7 35. g4 e4 36. Rg3 Be5 37. gxf5 Bxg3 38. Bxe4 Bxf2 39. Qxf2 Qa7 40. fxg6
Qxf2+ 41. Kxf2 hxg6 42. cxb5 Re7 43. Bc6 Rxe2+ 44. Kxe2 Kf7 45. Ke3 Ke7 46. Be4
Kd7 47. Bd3 Kc7 48. Kd2 g5 49. Ke3 Kb6 50. b4 Rf6 51. Be2 Rf4 52. Kd2 Rf2 53.
Kd3 Rh2 0-1

[Event "Liga Madrileña 2010/2011 - D. Honor"]
[Site "Madrid ESP"]
[Date "2011.01.30"]
[Round "8.13"]
[White "Perez Gonzalez, Jose Manuel"]
[Black "Pastor Alonso de Prado, Alberto"]
[Result "0-1"]
[WhiteElo "2281"]
[BlackElo "2176"]
[PlyCount "126"]
[EventDate "2010.11.21"]
[EventType "team"]
[EventRounds "14"]
[EventCountry "ESP"]
[Source "lmi"]
[SourceDate "2010.11.21"]
[WhiteTeam "Amigos del Retiro"]
[BlackTeam "Vallecas CDV"]
[WhiteTeamCountry "ESP"]
[BlackTeamCountry "ESP"]

1. e4 e5 2. Nc3 Nf6 3. f4 d5 4. fxe5 Nxe4 5. d3 Nxc3 6. bxc3 Nc6 7. Nf3 d4 8.
Be2 Be7 9. O-O O-O 10. Qe1 f6 11. exf6 Rxf6 12. Bb2 Bc5 13. cxd4 Nxd4 14. Nxd4
Bxd4+ 15. Bxd4 Qxd4+ 16. Kh1 Rxf1+ 17. Bxf1 Bd7 18. c3 Qd6 19. d4 Re8 20. Bc4+
Kh8 21. Qh4 Qe7 22. Qxe7 Rxe7 23. Rf1 g5 24. Kg1 Kg7 25. Kf2 Be6 26. Bxe6 Rxe6
27. Rb1 b6 28. Rb5 Kf6 29. Rd5 Rc6 30. Rd7 h6 31. d5 Rxc3 32. a4 Ke5 33. Rh7
Kxd5 34. Rxh6 Ke4 35. Rh7 a5 36. Rf7 Rc4 37. Kg3 Ke5 38. Rg7 Kf6 39. Rh7 Rxa4
40. Rxc7 Rb4 41. Kf3 Ke5 42. h3 a4 43. Re7+ Kd6 44. Ra7 b5 45. Ke3 Kc5 46. Rc7+
Kb6 47. Rc3 Rb2 48. g3 b4 49. Rc8 Rb3+ 50. Kd4 a3 51. Ra8 Rb2 52. h4 gxh4 53.
gxh4 Kb5 54. h5 Rd2+ 55. Ke3 Rh2 56. Kd3 Rxh5 57. Kc2 Rh2+ 58. Kb1 Kc4 59. Rg8
b3 60. Rg4+ Kd5 61. Rg1 Ke4 62. Rd1 Ke3 63. Rg1 Kd2 0-1

[Event "Liga Madrileña 2010/2011 - D. Honor"]
[Site "Madrid ESP"]
[Date "2011.01.30"]
[Round "8.14"]
[White "Casado Izquierdo, Victor"]
[Black "Fernandez Garcia, Miguel Angel"]
[Result "0-1"]
[WhiteElo "2149"]
[BlackElo "2304"]
[PlyCount "62"]
[EventDate "2010.11.21"]
[EventType "team"]
[EventRounds "14"]
[EventCountry "ESP"]
[Source "lmi"]
[SourceDate "2010.11.21"]
[WhiteTeam "Vallecas CDV"]
[BlackTeam "Amigos del Retiro"]
[WhiteTeamCountry "ESP"]
[BlackTeamCountry "ESP"]

1. e4 Nf6 2. Nc3 d5 3. e5 Nfd7 4. e6 fxe6 5. d4 g6 6. h4 Bg7 7. h5 Nc6 8. hxg6
hxg6 9. Rxh8+ Bxh8 10. Bd3 Nf8 11. Nf3 Kd7 12. Bf4 a6 13. Be5 Bxe5 14. dxe5 Nb4
15. Ng5 c5 16. a3 Nc6 17. f4 Qb6 18. Na4 Qa7 19. Qg4 c4 20. Be2 Qg1+ 21. Bf1 b5
22. Nc3 Qe3+ 23. Be2 Nd4 24. Rd1 Nxc2+ 25. Kf1 Kc7 26. Qh4 Qb6 27. Nxe6+ Bxe6
28. Qxe7+ Nd7 29. Rd2 Ne3+ 30. Ke1 Nxg2+ 31. Kd1 Qg1+ 0-1

[Event "Liga Madrileña 2010/2011 - D. Honor"]
[Site "Madrid ESP"]
[Date "2011.01.30"]
[Round "8.15"]
[White "Sanchez Gonzalez, Sergio"]
[Black "Martin Duque, Jesus"]
[Result "1-0"]
[WhiteElo "2291"]
[BlackElo "2115"]
[PlyCount "133"]
[EventDate "2010.11.21"]
[EventType "team"]
[EventRounds "14"]
[EventCountry "ESP"]
[Source "lmi"]
[SourceDate "2010.11.21"]
[WhiteTeam "Amigos del Retiro"]
[BlackTeam "Vallecas CDV"]
[WhiteTeamCountry "ESP"]
[BlackTeamCountry "ESP"]

1. Nf3 Nf6 2. g3 e6 3. Bg2 d5 4. d3 Be7 5. Nbd2 c5 6. O-O Nc6 7. e4 b6 8. Re1
Bb7 9. e5 Nd7 10. Nf1 Qc7 11. Bf4 O-O-O 12. d4 h6 13. g4 g5 14. Bg3 Nf8 15.
dxc5 bxc5 16. c4 Ng6 17. cxd5 Rxd5 18. Qc1 Nb4 19. Ne3 Nd3 20. Nxd5 Bxd5 21.
Qe3 Nxe1 22. Nxe1 Bxg2 23. Nxg2 Rd8 24. Rc1 Rd4 25. h3 Kb8 26. a3 Qb7 27. b4
Qd5 28. Qe2 Nf4 29. Bxf4 gxf4 30. Qb5+ Kc7 31. Qa4 Kb7 32. Qe8 Qd7 33. Qxf7
cxb4 34. axb4 Bg5 35. Qxd7+ Rxd7 36. h4 Be7 37. Nxf4 Rd4 38. Rc7+ Kxc7 39.
Nxe6+ Kc6 40. Nxd4+ Kd5 41. Nb5 Bxb4 42. Nxa7 Bc5 43. Nb5 Kxe5 44. Kg2 Kf4 45.
f3 Be7 46. h5 Ke5 47. Nc3 Bd8 48. Kg3 Ba5 49. Ne4 Be1+ 50. Nf2 Bd2 51. Nh3 Be1+
52. Kg2 Bd2 53. Kf2 Bc1 54. Ke2 Kf6 55. f4 Ba3 56. Ke3 Bc1+ 57. Ke4 Bd2 58. Ng1
Bc1 59. Nf3 Bb2 60. g5+ hxg5 61. fxg5+ Kg7 62. Kf5 Bc3 63. h6+ Kh7 64. Nh2 Bb2
65. Ng4 Kg8 66. Nf6+ Kf7 67. g6+ 1-0

[Event "Liga Madrileña 2010/2011 - D. Honor"]
[Site "Madrid ESP"]
[Date "2011.01.30"]
[Round "8.16"]
[White "Madurga Lopez, Ignacio"]
[Black "Vallejo Diaz, Jesus"]
[Result "0-1"]
[WhiteElo "1988"]
[BlackElo "2273"]
[PlyCount "50"]
[EventDate "2010.11.21"]
[EventType "team"]
[EventRounds "14"]
[EventCountry "ESP"]
[Source "lmi"]
[SourceDate "2010.11.21"]
[WhiteTeam "Vallecas CDV"]
[BlackTeam "Amigos del Retiro"]
[WhiteTeamCountry "ESP"]
[BlackTeamCountry "ESP"]

1. e4 c5 2. Nf3 e6 3. d4 cxd4 4. Nxd4 a6 5. Nc3 Qc7 6. Bd3 Bc5 7. Nb3 Be7 8.
Qg4 g6 9. f4 d6 10. Bd2 Nf6 11. Qg3 Nc6 12. O-O Bd7 13. a4 O-O 14. Ne2 d5 15.
e5 Nh5 16. Qe1 f6 17. Ng3 Ng7 18. Bc3 fxe5 19. fxe5 Bg5 20. Qe2 Rae8 21. Rxf8+
Rxf8 22. a5 Bc8 23. Nd4 Bf4 24. Nxc6 bxc6 25. Bxa6 Qa7+ 0-1

[Event "Liga Madrileña 2010/2011 - D. Honor"]
[Site "Madrid ESP"]
[Date "2011.01.30"]
[Round "8.21"]
[White "Moreno Carnero, Javier"]
[Black "Serrano Salvador, Eduardo"]
[Result "1-0"]
[WhiteElo "2519"]
[BlackElo "2359"]
[PlyCount "51"]
[EventDate "2010.11.21"]
[EventType "team"]
[EventRounds "14"]
[EventCountry "ESP"]
[Source "lmi"]
[SourceDate "2010.11.21"]
[WhiteTeam "La Casa del Ajedrez"]
[BlackTeam "Moratalaz"]
[WhiteTeamCountry "ESP"]
[BlackTeamCountry "ESP"]

1. e4 d5 2. exd5 Qxd5 3. Nf3 Nf6 4. d4 Bf5 5. c4 Qd8 6. Qb3 Qc8 7. Nc3 e6 8.
Be2 Be7 9. O-O O-O 10. Bf4 c6 11. Rac1 Nbd7 12. h3 Bg6 13. Rfd1 Ne4 14. Nxe4
Bxe4 15. d5 a5 16. Qe3 Bf5 17. dxc6 bxc6 18. Bd6 Bxd6 19. Rxd6 c5 20. Rcd1 Nf6
21. Ne5 a4 22. Bf3 Ra6 23. Nc6 Qc7 24. Ne7+ Qxe7 25. Rxa6 h6 26. Rd2 1-0

[Event "Liga Madrileña 2010/2011 - D. Honor"]
[Site "Madrid ESP"]
[Date "2011.01.30"]
[Round "8.22"]
[White "Ramirez Garcia, Jorge Alberto"]
[Black "Gallego Jimenez, Victoriano"]
[Result "0-1"]
[WhiteElo "2255"]
[BlackElo "2398"]
[PlyCount "78"]
[EventDate "2010.11.21"]
[EventType "team"]
[EventRounds "14"]
[EventCountry "ESP"]
[Source "lmi"]
[SourceDate "2010.11.21"]
[WhiteTeam "Moratalaz"]
[BlackTeam "La Casa del Ajedrez"]
[WhiteTeamCountry "ESP"]
[BlackTeamCountry "ESP"]

1. e4 c5 2. c3 d5 3. exd5 Qxd5 4. d4 Nc6 5. dxc5 Qxc5 6. Na3 e5 7. Be3 Qe7 8.
Bc4 Nf6 9. Nf3 Bg4 10. Qb3 Bxf3 11. gxf3 g6 12. Bc5 Qxc5 13. Qxb7 Be7 14. Qxa8+
Nd8 15. Qb8 O-O 16. Qb5 Qc7 17. Nc2 Nc6 18. Bd5 Nxd5 19. Qxd5 Rd8 20. Qc4 Qb6
21. Ne3 Bg5 22. Qe2 Nd4 23. cxd4 exd4 24. Nd1 d3 25. Qe5 Bf6 26. Qe3 Bd4 27.
Qd2 Re8+ 28. Kf1 Qe6 29. Kg2 Qf5 30. Re1 Rd8 31. Re4 Be5 32. Ne3 Qg5+ 33. Rg4
Qh5 34. f4 Bb8 35. Nf1 Qxg4+ 36. Kh1 Qf3+ 37. Kg1 Bxf4 38. Qa5 Rd5 39. Qc3
Bxh2+ 0-1

[Event "Liga Madrileña 2010/2011 - D. Honor"]
[Site "Madrid ESP"]
[Date "2011.01.30"]
[Round "8.23"]
[White "Rojo Huerta, Gabriel"]
[Black "Solaesa Navalpotro, Luis Julio"]
[Result "1/2-1/2"]
[WhiteElo "2375"]
[BlackElo "2251"]
[PlyCount "87"]
[EventDate "2010.11.21"]
[EventType "team"]
[EventRounds "14"]
[EventCountry "ESP"]
[Source "lmi"]
[SourceDate "2010.11.21"]
[WhiteTeam "La Casa del Ajedrez"]
[BlackTeam "Moratalaz"]
[WhiteTeamCountry "ESP"]
[BlackTeamCountry "ESP"]

1. d4 Nf6 2. Nf3 e6 3. c4 Bb4+ 4. Nc3 b6 5. Qb3 c5 6. Bg5 h6 7. Bh4 g5 8. Bg3
Ne4 9. Be5 f6 10. Qc2 Bb7 11. d5 exd5 12. cxd5 Bxd5 13. O-O-O Bxc3 14. Rxd5
Bxe5 15. Nxe5 fxe5 16. Rxe5+ Kf7 17. Qxe4 Nc6 18. Rf5+ Kg7 19. h4 Qe7 20. Qg4
Raf8 21. hxg5 Rxf5 22. Qxf5 hxg5 23. Rxh8 Kxh8 24. e3 Kg7 25. Bd3 Ne5 26. Be4
Qf6 27. Kc2 d5 28. Qxf6+ Kxf6 29. Bxd5 Ng4 30. Kd3 Nxf2+ 31. Ke2 Ke5 32. Bf3
Ne4 33. Kd3 Nd6 34. a4 a6 35. Kc3 b5 36. axb5 axb5 37. b3 Ne4+ 38. Kd3 Nd6 39.
Kc3 Nf5 40. Kd3 c4+ 41. bxc4 bxc4+ 42. Kxc4 Nxe3+ 43. Kd3 Kf4 44. Ke2 1/2-1/2

[Event "Liga Madrileña 2010/2011 - D. Honor"]
[Site "Madrid ESP"]
[Date "2011.01.30"]
[Round "8.24"]
[White "Sanchez Rojo, Gustavo"]
[Black "Elguezabal Varela, Daniel"]
[Result "0-1"]
[WhiteElo "2201"]
[BlackElo "2357"]
[PlyCount "54"]
[EventDate "2010.11.21"]
[EventType "team"]
[EventRounds "14"]
[EventCountry "ESP"]
[Source "lmi"]
[SourceDate "2010.11.21"]
[WhiteTeam "Moratalaz"]
[BlackTeam "La Casa del Ajedrez"]
[WhiteTeamCountry "ESP"]
[BlackTeamCountry "ESP"]

1. e4 c5 2. Nc3 e6 3. f4 d5 4. Nf3 dxe4 5. Nxe4 Nc6 6. Bb5 Bd7 7. d3 Be7 8. O-O
Nf6 9. Kh1 O-O 10. Bxc6 Bxc6 11. Qe2 Rc8 12. Ne5 Bd5 13. a4 b6 14. b3 Bxe4 15.
dxe4 Qd4 16. c3 Qxe4 17. Qb5 Bd6 18. Nc4 Bc7 19. a5 h5 20. axb6 axb6 21. Ra7 h4
22. Rg1 Ng4 23. h3 Nf2+ 24. Kh2 Bxf4+ 25. Bxf4 Qxf4+ 26. g3 hxg3+ 27. Rxg3 Ne4
0-1

[Event "Liga Madrileña 2010/2011 - D. Honor"]
[Site "Madrid ESP"]
[Date "2011.01.30"]
[Round "8.25"]
[White "Gemy Vargas, Jose Daniel"]
[Black "Fraga Castro, Jose Carlos"]
[Result "1-0"]
[WhiteElo "2316"]
[BlackElo "2212"]
[PlyCount "63"]
[EventDate "2010.11.21"]
[EventType "team"]
[EventRounds "14"]
[EventCountry "ESP"]
[Source "lmi"]
[SourceDate "2010.11.21"]
[WhiteTeam "La Casa del Ajedrez"]
[BlackTeam "Moratalaz"]
[WhiteTeamCountry "ESP"]
[BlackTeamCountry "ESP"]

1. e4 e5 2. Nf3 Nc6 3. Bb5 a6 4. Ba4 Nge7 5. O-O g6 6. d4 exd4 7. Nxd4 Bg7 8.
Be3 O-O 9. Nc3 b5 10. Nxc6 Nxc6 11. Bb3 Na5 12. Bd5 Bb7 13. Bd4 c6 14. Bb3 d6
15. Bxg7 Kxg7 16. Qd2 Qe7 17. Rad1 Rfd8 18. f4 f6 19. f5 Nxb3 20. axb3 Qe5 21.
Ne2 g5 22. Nd4 Qc5 23. b4 Qb6 24. Qf2 Kf7 25. Ne6 Qxf2+ 26. Kxf2 Rd7 27. Nc5
Ke7 28. Nxd7 Kxd7 29. Rd3 Ke7 30. Rfd1 Rd8 31. h4 g4 32. h5 1-0

[Event "Liga Madrileña 2010/2011 - D. Honor"]
[Site "Madrid ESP"]
[Date "2011.01.30"]
[Round "8.26"]
[White "Sanchez-Alarcos Galian, Victor"]
[Black "Suarez Uriel, Adrian"]
[Result "1-0"]
[WhiteElo "2192"]
[BlackElo "2215"]
[PlyCount "63"]
[EventDate "2010.11.21"]
[EventType "team"]
[EventRounds "14"]
[EventCountry "ESP"]
[Source "lmi"]
[SourceDate "2010.11.21"]
[WhiteTeam "Moratalaz"]
[BlackTeam "La Casa del Ajedrez"]
[WhiteTeamCountry "ESP"]
[BlackTeamCountry "ESP"]

1. c4 e5 2. g3 Nf6 3. Bg2 h6 4. Nc3 Bb4 5. Qc2 Nc6 6. Nf3 O-O 7. O-O Re8 8. a3
Bxc3 9. Qxc3 d5 10. d3 dxc4 11. Qxc4 e4 12. dxe4 Rxe4 13. Qc2 Bf5 14. e3 Qd7
15. Qe2 Bg4 16. b4 a5 17. bxa5 Rxa5 18. Qc2 Rh5 19. Bb2 Re8 20. Bxf6 gxf6 21.
Qb2 Bh3 22. Rfd1 Qf5 23. Qxb7 Na5 24. Bxh3 Qxh3 25. Qxc7 Qg4 26. Qd7 Qe4 27.
Rd4 Qa8 28. Rg4+ Rg5 29. Nxg5 fxg5 30. Ra4 Re5 31. Rc1 Qf3 32. Rxa5 1-0